Top 20 Hydroelectric Countries - Statistics

General Stats
  • This quiz has been taken 108 times
  • The average score is 16 of 20
Answer Stats
GW Country % Correct
341 China
100%
103 United States
100%
100 Brazil
95%
49 India
95%
48 Russia
95%
81 Canada
93%
26 France
93%
50 Japan
93%
12 Mexico
85%
22 Italy
83%
16 Sweden
83%
32 Norway
81%
20 Spain
80%
27 Turkey
75%
17 Switzerland
65%
12 Colombia
64%
12 Iran
60%
14 Austria
56%
15 Venezuela
56%
17 Vietnam
56%
No matching quizzes found
Score Distribution
Percent of People with Each Score
Percentile by Number Answered
Your Score History
You have not taken this quiz